000 01395cam a22003734i 4500
003 PE-LiUPU
005 20250731183416.0
008 150623s r 000 0 d
020 _a0452265355
035 _a(Sirsi) i9780452265356
040 _aPE-LiUPU
_bspa
_cPE-LiUPU
_erda
049 _aPRUA
082 0 4 _a796.51
_bL88
_221
100 1 _aLevine, Suzanne,
_eautor.
245 1 0 _aWalk it off! :
_b20 minutes a day to health and fitness /
_cSuzanne Levine.
264 1 _aNew York, NY :
_bA Plume Book,
_c1990.
300 _a257 páginas :
_bilustraciones, gráficos ;
_c20 centímetros
336 _atext
_2rdacontent
337 _aunmediated
_2rdamedia
338 _avolume
_2rdacarrier
505 0 _aGetting started. Building a walking habit. On the road. The walker's diet. The healthy walker. Advanced walking.
526 _aP158
526 _aP146
526 _aP17
526 _aP12
526 _aP06
650 0 4 _aCaminata.
942 _2ddc
_cBOOK
949 _a796.51 L88
_wDEWEY
_c1
_i51677
_lCCODEBUL1
_mBUL
_p5.00
_r0
_sY
_tBOOK
_u2015-6-24
_xTEOLOGIA
_PP35
_0COMPRA
_o.STAFF. Colección General
994 _aC0
_bPEPRU
596 _a1
999 _a796.51 L88
_wDEWEY
_c33429
_i51677
_f2021-11-9
_g5
_lCCODEBUL1
_mBUL
_p5.00
_r0
_sY
_tBOOK
_u2015-6-24
_xEDUCACION
_PP35
_0COMPRA
_o.STAFF. Colección General
_d33429
980 _81
_gALBERTO SANCHEZ Responsable de Automatización